| 000 | 00425nam a22001817a 4500 | ||
|---|---|---|---|
| 003 | MPLRDC | ||
| 005 | 20220104155832.0 | ||
| 008 | 210129b ||||| |||| 00| 0 eng d | ||
| 020 | _a962-392-037-7 | ||
| 082 | _a427.1 QYZ-2 | ||
| 100 | _a秦一洲编 | ||
| 245 |
_a滋补汤水 _c |
||
| 260 |
_a香港 _b快泽有限公司 _c |
||
| 300 | _b平 | ||
| 490 | _a恒宝食谱 | ||
| 650 | _a食谱 | ||
| 942 |
_cBK _o427.1 QYZ-2 |
||
| 999 |
_c54687 _d54677 |
||